000 01589nam a22002537a 4500
005 20211215153234.0
008 211211b ||||| |||| 00| 0 eng d
020 _a0060604743
040 _cAL
041 _aeng
082 _223
_a248.482
_bPAUW
100 _aJohn Paul II
_911683
245 _aWisdom of John Paul II: The Pope on Life's Most Vital Questions
260 _aSanfracisco:
_bHarper,
_c1995.
300 _axiii,156 p.
_bHB
_c21x13 cm.
365 _b15.00
_c$
_d15.00
520 _aThe essential thoughts of Pope John Paul II on matters of belief and conscience have been culled from his encyclicals, speeches, homilies, and statements to fellow bishops and collected in one volume. Throughout his more than two decades as the leader of the world’s Catholics, John Paul II has spoken both officially and informally on all aspects of life in the modern world. Whether defining the Church's teachings or passionately espousing the basic human rights of all people, whether speaking from his throne in the Vatican or from a platform set up on a soccer field, the Pope has always eloquently and clearly stated his thinking, vision, and hopes for the Church and the world. For this new edition, the compilers have added significant new material, including the pontiff's thoughts as we enter the third millennium of Christianity.
650 _aSpiritual Life-Spiritual Church
_911522
650 _aChurch and the World
_911523
650 _aCatholic Church Doctrines
_911524
650 _aChristianity
_911525
700 _aPAUL II (John)
_911526
942 _2ddc
_cGF
999 _c220927
_d220927